| 000 | 01069nam a2200313 i 4500 | ||
|---|---|---|---|
| 001 | 000012521 | ||
| 003 | DO-SdBNP | ||
| 005 | 20250528141852.0 | ||
| 007 | ta | ||
| 008 | 091113s20uu dr a 000 0 spa d | ||
| 020 | _a9789589921401 | ||
| 040 |
_aDO-SdBNP _bspa _cBNPHU _erda |
||
| 041 | _aspa | ||
| 082 | 4 |
_a635.04 _bR145a _222 |
|
| 100 | 1 |
_aDurán Ramírez, Felipe _eautor _4aut. _955474 |
|
| 245 | 1 | 0 |
_aAgricultura orgánica urbana / _cFelipe Durán Ramírez. |
| 264 | 4 |
_aSanto Domingo : _bFandación Volvamos al campo, _c[201?]. |
|
| 300 |
_a103 páginas : _bilustraciones ; _c27 cm. |
||
| 336 |
_atexto _btxt _2rdacontent |
||
| 337 |
_asin mediación _bn _2rdamedia |
||
| 338 |
_avolumen _bnc _2rdacontent |
||
| 504 | _aBibliografía : página 103 | ||
| 650 | 4 |
_a Agricultura orgánica _xTécnicas ecológicas _987852 |
|
| 650 | 4 |
_aAgricultura _xDesarrollo sostenible _987853 |
|
| 650 | 4 |
_aProducción de alimentos _987854 |
|
| 700 | 1 |
_aAlba Cuéllar, Nidia, _ediseño editorial _4di. _987851 |
|
| 910 | _aValidado. Control de Calidad/MAA | ||
| 942 |
_2ddc _cLBS1 |
||
| 999 |
_c12176 _d12176 |
||